000 00764nas a2200253 4500
001 BR0600134
003 BR-BrBNA
005 20231205105745.0
007 ta
008 230509b bl.|||p| |||| 00| 00por d
040 _aBR-BrBNA
_bpor
_cBiblioteca Nacional de Agricultura
041 _a(En)
072 _aQ02
100 1 _aSobral, P.J.A.
100 1 _aHabitante, A.M.Q.B.
100 1 _aMonterrey-Quintero, E.S.
245 1 _aEffect of the conditioning time on gelatin phase transitions
650 _aGELATINA
650 _aTEMPERATURA
650 _aUMIDADE
773 0 _tBrazilian Journal of Food Technology (Brazil)
_xISSN 1519-0900
_g(Jul-Dec 2003), v. 6(2) p. 327-331
_wBR0600134
909 _a202311
_bLúcia
_c55
_dLúcia Elande
942 _2AGRIS
_n0
_cANA
999 _c184521
_d184521